Reprografia vo VTEI /

Gespeichert in:
Bibliographische Detailangaben
1. Verfasser: Konečný, Stanislav (Verfasst von)
Format: Buch
Veröffentlicht: Bratislava : SlTK-Centrum VTI SR, 1987
Tags: Tag hinzufügen
Keine Tags, Fügen Sie das erste Tag hinzu!

MARC

LEADER 00000nam a22000003a 4500
001 stu20537
005 20150617225700.4
008 ------s1987----cs----------------------d
040 |a STU  |b slo 
041 0
044 |a cs 
080 |a 002.005 
100 1 |a Konečný, Stanislav  |4 aut 
245 1 |a Reprografia vo VTEI /  |c [aut.]Konečný,Stanislav 
260 |a Bratislava :  |b SlTK-Centrum VTI SR,  |c 1987 
300 |a 115 s :  |b Obr.,tab 
996 |b CB611  |c C*B611  |l CCI  |s A  |a 24  |w stu20537_0002